Регионална библиотека "Любен Каравелов" - Русе

Пушкин (Запис номер 375750)

MARC детайли
000 -Лидер
Контролно поле с фиксирана дължина nkm a22 a 4500
003 - Код на организацията, давaща контролен номер
Контролно поле BLK
005 - Дата и час на последна редакция
Контролно поле 20200831151157.0
008 - Елементи от данни с фиксирана дължина
fixed length control field 200717b bu ||||| |||| 00| 0 bu d
040 ## - Източник на каталожния запис
Идентификатор на билиотеката - собственик на записа BLK
041 ## - Код за език
Код за езика на текст/звукозапис или на отделно заглавие Руски
Код за езика КДБФ Руски
080 ## - УДК
Текстов определител УДК Архитектура
УДК код - определител по УДК 72
УДК - код + определител 72
139 ## - Редно поле
Редна дума Пушкин
245 ## - Сведения за заглавието
Заглавие Пушкин
Подзаглавни данни Пригороды Ленинград : Альбом
260 ## - Област на издателските данни
9 (RLIN) 212314
Място на издаване, разпространение и проч. Ленинград
Име на издателя, разпространителя и проч. Лениздат
Година на издаване 1972
Издателство - префикс ISBN 5-289-
300 ## - Физическа характеристика
Страници 166 с.
Размери/Мащаб 17 см
380 ## - Жанр
Жанр Изкуство
650 #7 - Допълнително описание по предмет – тема
9 (RLIN) 147632
Основно описание – тема или топоним Архитектура - Русия
852 ## - Местоположение
Фондова буква Хранилище
Форматна сигнатура Цб І 38943
999 ## - СИСТЕМНИ КОНТРОЛНИ НОМЕРА
Koha biblionumber 375750
Koha biblioitemnumber 375750
942 ## - АРТИКУЛИ
Вид на библиотечния материал Графични издания
Скрит в OPAC Не
Периодичен библиозапис Да
944 ## - СЪЗДАВАНЕ И РЕДАКЦИЯ на ЗАПИСА
Дата на регистрацията/редакция 2020-07-17
Служител, извършил регистрацията/редакцията Вк
944 ## - СЪЗДАВАНЕ И РЕДАКЦИЯ на ЗАПИСА
Дата на регистрацията/редакция 2020-08-31
Служител, извършил регистрацията/редакцията К.Д.
999 ## - СИСТЕМНИ КОНТРОЛНИ НОМЕРА
Koha biblioitemnumber 375750
Наличности
Код за отписване Код за изгубен артикул Източник на класификационната схема Код за повреда Коз за рестрикции Код за отдаване Артикулен № Име на библиотеката - собственик Име на библиотеката, в която се намира в момента Статус (Текущо местоположение) Дата на вписване в системата Местоположение - отдел Цена в лева Инвентарен номер Систематично азбучна сигнатура Баркод Цена в евро Служебен тип на артикула
  Не е изгубен Universal Decimal Classification Не е повреден без рестрикции ползва се в читалня 785025 Регионална библиотека "Любен Каравелов" Русе Регионална библиотека "Любен Каравелов" Русе Хранилище 2020-07-22 Хранилище 1.55 144993 Цб І 38943 120000144993 0.79 Графични издания
Vip Innovations Ltd, Rousse, Bulgaria 2025